|
|
|
|
| LEADER |
00000nam0a2200000 4500 |
| 001 |
363980 |
| 005 |
20231102011637.0 |
| 035 |
|
|
|a (RuTPU)RU\TPU\retro\21329
|
| 090 |
|
|
|a 363980
|
| 100 |
|
|
|a 20211021d1981 km y0rusy50 ca
|
| 101 |
0 |
|
|a rus
|
| 102 |
|
|
|a LT
|
| 105 |
|
|
|a y z 001zy
|
| 200 |
1 |
|
|a Мировоззрение в жизни общества и человека. Особенности становления, функционирования и развития научного материалистического мировоззрения трудящихся в зрелом социалистическом обществе
|f А. Б. Бальсис
|g Академия наук Литовской ССР, Институт философии, социологии и права
|
| 210 |
|
|
|a Вильнюс
|c Минтис
|d 1981
|
| 215 |
|
|
|a 376 с.
|
| 320 |
|
|
|a Библиография в ссылках
|
| 606 |
1 |
|
|a Научное мировоззрение
|x Формирование
|2 stltpush
|3 (RuTPU)RU\TPU\subj\45123
|9 64385
|
| 610 |
1 |
|
|a общество
|
| 610 |
1 |
|
|a личность
|
| 610 |
1 |
|
|a мировоззренческие установки
|
| 610 |
1 |
|
|a философский анализ
|
| 610 |
1 |
|
|a социологический анализ
|
| 610 |
1 |
|
|a материалистическая диалектика
|
| 610 |
1 |
|
|a развитой социализм
|
| 610 |
1 |
|
|a коммунистические убеждения
|
| 686 |
|
|
|a Ю661
|v LBC/SL-A
|2 rubbk
|
| 700 |
|
1 |
|a Бальсис
|b А. Б.
|g Анастас Бенедиктович
|
| 712 |
0 |
2 |
|a Академия наук Литовской ССР
|b Институт философии, социологии и права
|2 stltpush
|3 (RuTPU)RU\TPU\col\27817
|9 28907
|
| 801 |
|
1 |
|a RU
|b 63413507
|c 20211021
|
| 942 |
|
|
|c BK
|